| 000 | 01299nam0a22002891 4500 | ||
|---|---|---|---|
| 001 | rc\313893 | ||
| 005 | 20250621032706.0 | ||
| 035 | _a(NLR Aleph) 005548392 | ||
| 090 |
_a5784296 _c5784296 |
||
| 100 | _a20030307d1990 |||y0rusy50 ca | ||
| 101 | 0 | _arus | |
| 102 | _aRU | ||
| 105 | _aa ||||||||| | ||
| 200 | 1 |
_aПОЛИТИЧЕСКАЯ борьба и политический выбор масс _e(Результаты социол. анализа) _f[Ред.-сост. к. филос. н. Л.Н. Жилина _gПод общ. ред. д. филос. н., проф. Ж.Т. Тощенко] |
|
| 210 |
_aМ. _cАОН при ЦК КПСС _d1990 |
||
| 215 |
_a142 с. _cсхем. _d20 |
||
| 225 | 1 |
_aИнформационный бюллетень _fЦентр социол. исслед. Акад. обществ. наук при ЦК КПСС _v№ 8 |
|
| 225 | 1 | _aЭкспресс-информация | |
| 300 | _aНа обл. только загл. сер. | ||
| 320 | _aБиблиогр. в подстроч. примеч. | ||
| 702 | 1 |
_aЖилина _bЛ.Н. _gЛюдмила Николаевна _4340 |
|
| 702 | 1 |
_aТощенко _bЖ.Т. _gЖан Терентьевич _4340 |
|
| 801 | 0 |
_aRU _bNLR _gpsbo |
|
| 801 | 1 |
_aRU _bELAR _2rusmarc |
|
| 852 |
_aNLR _jП22/5939 |
||
| 942 | _cBOOK | ||
| 980 | _aNB | ||